| 000 | 00397nam a2200157Ia 4500 | ||
|---|---|---|---|
| 005 | 20251020182558.0 | ||
| 008 | 200515s9999 xx 000 0 und d | ||
| 082 | _aSC/324(85)/P45 | ||
| 245 | 0 | _aNormas que regirán para elecciones generales de 1980 : Decreto ley Nº 226552 | |
| 260 | _aLima | ||
| 260 | _c1980 | ||
| 300 | _a32 | ||
| 650 | _aELECCIONES | ||
| 650 | _aLEGISLACION | ||
| 942 | _cLIB | ||
| 999 |
_c2964 _d2964 |
||